| 000 | 00425nam a22001337a 4500 | ||
|---|---|---|---|
| 082 |
_a604.2 _bBRA |
||
| 100 |
_aBritish Standards Institution _940168 |
||
| 245 |
_aBritish standard engineering drawing practice _cBritish Standards Institution |
||
| 260 |
_aLondon _bBritish Standards Institution _cc1953. |
||
| 300 |
_a98 p. _bill _c26 cm. |
||
| 526 |
_a0 _b0 _c0 _d604_200000000000000_BRA |
||
| 650 |
_aMCE _9379 |
||
| 942 |
_2ddc _cBK |
||
| 999 |
_c544524 _d544524 |
||